[Event "ESP-chT CECLUB Div2"]
[Site "Linares"]
[Date "2020.08.28"]
[Round "6.2"]
[White "Ruiz Marana, Alejandro"]
[Black "Martin Dinares, Sonia"]
[Result "1/2-1/2"]
[WhiteElo "2262"]
[BlackElo "1847"]
[PlyCount "96"]
[EventDate "2020.08.24"]
[EventType "team-tourn"]
[EventRounds "6"]
[EventCountry "ESP"]
[SourceTitle "CBM 198 Extra"]
[Source "ChessBase"]
[SourceDate "2020.11.30"]
[SourceVersion "1"]
[SourceVersionDate "2020.11.30"]
[SourceQuality "1"]
[WhiteTeam "Salcedo CC"]
[BlackTeam "Pena Barcelonista de Melilla"]
[WhiteTeamCountry "ESP"]
[BlackTeamCountry "ESP"]

1. e4 e5 2. Nf3 Nc6 3. d4 exd4 4. Nxd4 Bc5 5. Nb3 Bb6 6. Nc3 d6 7. Qe2 Be6 8. f3 Nge7 9. Be3 0-0 10. 0-0-0 Qe8 11. Kb1 f5 12. Nb5 Rc8 13. Bxb6 axb6 14. N5d4 Bxb3 15. Nxb3 Kh8 16. Re1 Qg6 17. Qd2 f4 18. h4 h5 19. Rd1 Qf6 20. Be2 Ra8 21. Rdg1 Qe5 22. g4 fxg3 23. Rh3 Kh7 24. Rhxg3 g6 25. Bd3 Qf4 26. Qc3 Qe5 27. Qd2 Qf4 28. Qg2 Rg8 29. Bc4 Rg7 30. Rg5 Kh6 31. Nc1 Ne5 32. Nd3 Qxf3 33. Nxe5 Qxg2 34. R1xg2 dxe5 35. Rxe5 Rf8 36. a3 Rf4 37. Rh2 Nc6 38. Re8 Re7 39. Rxe7 Nxe7 40. Bd3 Nc6 41. Kc1 Ne5 42. Kd1 g5 43. hxg5+ Kxg5 44. Ke2 h4 45. Rg2+ Rg4 46. Rf2 Rf4 47. Rg2+ Rg4 48. Rf2 Rf4 1/2-1/2

[Event "ESP-ch 82nd"]
[Site "Las Palmas"]
[Date "2017.09.29"]
[Round "1"]
[White "Martin Dinares, Sonia"]
[Black "Espinosa Aranda, Angel"]
[Result "0-1"]
[WhiteElo "1792"]
[BlackElo "2453"]
[PlyCount "84"]
[EventDate "2017.09.29"]
[EventType "swiss"]
[EventRounds "9"]
[EventCountry "ESP"]
[SourceTitle "CBM 181 Extra"]
[Source "ChessBase"]
[SourceDate "2017.12.12"]
[SourceVersion "1"]
[SourceVersionDate "2017.12.12"]
[SourceQuality "1"]

1. c4 b6 2. Nf3 Bb7 3. g3 g6 4. Bg2 Bg7 5. Nc3 Nf6 6. 0-0 0-0 7. d3 d5 8. cxd5 Nxd5 9. Bd2 c5 10. Qc1 Nc6 11. Nxd5 Qxd5 12. Bh6 Nd4 13. Re1 Rfd8 14. Bxg7 Kxg7 15. Qc3 f6 16. b3 a5 17. Rac1 a4 18. b4 Rac8 19. bxc5 bxc5 20. Qc4 Qd7 21. Rb1 Bd5 22. Qa6 Nc2 23. Rec1 Nb4 24. Qa5 Nxa2 25. Rxc5 Rxc5 26. Qxc5 Rc8 27. Qe3 Nc3 28. Ra1 Qb7 29. Bh3 Rc7 30. Nd4 e5 31. Nf3 Nxe2+ 32. Qxe2 Bxf3 33. Qa2 Qb3 34. Bg2 Qxa2 35. Rxa2 Rc1+ 36. Bf1 e4 37. dxe4 Bxe4 38. Rd2 a3 39. f3 Bxf3 40. Kf2 Bd5 41. Rxd5 a2 42. Ra5 a1Q 0-1

[Event "Catalunya-ch (Women)"]
[Site "Amposta"]
[Date "2017.04.16"]
[Round "4.7"]
[White "Biosca Cid, Merce"]
[Black "Martin Dinares, Sonia"]
[Result "0-1"]
[WhiteElo "1411"]
[BlackElo "1806"]
[PlyCount "80"]
[EventDate "2017.04.14"]
[EventType "swiss"]
[EventRounds "5"]
[EventCountry "ESP"]
[SourceTitle "EXT 2024"]
[Source "ChessBase"]
[SourceDate "2023.10.10"]
[SourceVersion "1"]
[SourceVersionDate "2023.10.10"]
[SourceQuality "1"]

1. e4 e5 2. Nf3 Nc6 3. Bc4 Bc5 4. c3 Nf6 5. d4 exd4 6. e5 d5 7. exf6 dxc4 8. fxg7 Qe7+ 9. Qe2 Qxe2+ 10. Kxe2 Rg8 11. Bh6 Bg4 12. Nbd2 0-0-0 13. h3 Bxf3+ 14. gxf3 Rd6 15. Bf4 Re6+ 16. Kf1 Rxg7 17. Nxc4 Rf6 18. Be5 Nxe5 19. Nxe5 dxc3 20. bxc3 Bd6 21. Nc4 Rxf3 22. Nxd6+ cxd6 23. Rc1 Rgg3 24. Rg1 Rxg1+ 25. Kxg1 Rxh3 26. Kg2 Rh5 27. Kg3 Rc5 28. Kg4 h5+ 29. Kh4 Kd7 30. f4 Ke6 31. Re1+ Kf6 32. Rd1 d5 33. f5 Kxf5 34. Kxh5 Ke6 35. Kh6 Rxc3 36. Re1+ Kd6 37. Rf1 d4 38. Rxf7 d3 39. Rxb7 d2 40. Rb8 Kc7 0-1

[Event "Catalunya-ch (Women)"]
[Site "Amposta"]
[Date "2016.03.26"]
[Round "3"]
[White "Castillo Escario, Yolanda"]
[Black "Martin Dinares, Sonia"]
[Result "1-0"]
[WhiteElo "2002"]
[BlackElo "1766"]
[PlyCount "53"]
[EventDate "2016.03.25"]
[EventType "swiss"]
[EventRounds "5"]
[EventCountry "ESP"]
[SourceTitle "CBM 171 Extra"]
[Source "ChessBase"]
[SourceDate "2016.04.26"]
[SourceVersion "1"]
[SourceVersionDate "2016.04.26"]
[SourceQuality "1"]

1. e4 e5 2. Nf3 Nc6 3. Nc3 Bc5 4. Nxe5 Nxe5 5. d4 Bxd4 6. Qxd4 Qf6 7. Be3 Ng4 8. Nd5 Qxd4 9. Bxd4 f6 10. Nxc7+ Kd8 11. Nxa8 b6 12. Nxb6 axb6 13. Bxb6+ Ke8 14. a4 Bb7 15. a5 Ne5 16. f3 Ne7 17. c3 Kf7 18. b4 Rc8 19. Bd4 N7c6 20. a6 Ba8 21. b5 Nxd4 22. cxd4 Nc4 23. Bxc4+ Rxc4 24. b6 Rb4 25. b7 Bxb7 26. axb7 Rxb7 27. 0-0 1-0

[Event "Catalunya-ch (Women)"]
[Site "Amposta"]
[Date "2016.03.25"]
[Round "1"]
[White "Martin Dinares, Sonia"]
[Black "Martin Perez, Laura"]
[Result "1-0"]
[WhiteElo "1766"]
[BlackElo "2058"]
[PlyCount "89"]
[EventDate "2016.03.25"]
[EventType "swiss"]
[EventRounds "5"]
[EventCountry "ESP"]
[SourceTitle "CBM 171 Extra"]
[Source "ChessBase"]
[SourceDate "2016.04.26"]
[SourceVersion "1"]
[SourceVersionDate "2016.04.26"]
[SourceQuality "1"]

1. c4 c5 2. Nc3 Nc6 3. g3 g6 4. Bg2 Bg7 5. e3 e5 6. Nge2 Nge7 7. 0-0 0-0 8. f4 d6 9. Rb1 Be6 10. b3 d5 11. d3 f5 12. fxe5 d4 13. exd4 cxd4 14. Nf4 Bc8 15. Ncd5 Bxe5 16. Qe1 Qd6 17. Rb2 g5 18. Nxe7+ Qxe7 19. Bd5+ Kh8 20. Ne6 Bxe6 21. Bxc6 Bf6 22. Bxb7 Rae8 23. Re2 Qd7 24. Ba3 Rg8 25. Ba6 Qf7 26. Bb7 Qd7 27. Ba6 Qf7 28. Bb5 Bd7 29. Bxd7 Qxd7 30. Rxe8 Rxe8 31. Qf2 Re5 32. Bb4 Kg7 33. Re1 Re3 34. Qf1 Kg6 35. Bd2 Rxe1 36. Qxe1 h5 37. h3 Qc6 38. Qf2 Qe6 39. Bc1 Be5 40. Kg2 Qc6+ 41. Qf3 Qa6 42. a3 Qb6 43. b4 Qc7 44. Qd5 Bxg3 45. Qg8+ 1-0

[Event "Catalunya-ch (Women)"]
[Site "Amposta"]
[Date "2016.03.25"]
[Round "2"]
[White "Martin Dinares, Sonia"]
[Black "Riera Morilla, Elizabeth"]
[Result "0-1"]
[WhiteElo "1766"]
[BlackElo "1960"]
[PlyCount "48"]
[EventDate "2016.03.25"]
[EventType "swiss"]
[EventRounds "5"]
[EventCountry "ESP"]
[SourceTitle "CBM 171 Extra"]
[Source "ChessBase"]
[SourceDate "2016.04.26"]
[SourceVersion "1"]
[SourceVersionDate "2016.04.26"]
[SourceQuality "1"]

1. c4 g6 2. g3 Bg7 3. Bg2 d6 4. Nc3 e5 5. e4 Nc6 6. Nge2 Bg4 7. f3 Be6 8. d3 Qd7 9. Be3 h5 10. h4 Nge7 11. a3 Nd4 12. b4 c6 13. Bf2 Nxe2 14. Nxe2 d5 15. c5 0-0 16. 0-0 Rad8 17. Kh2 dxe4 18. dxe4 Qd2 19. Qxd2 Rxd2 20. Rfe1 Bc4 21. Bf1 Bh6 22. Kg1 Rfd8 23. Nc3 Bxf1 24. Kxf1 R8d3 0-1

[Event "Martorell op 23rd"]
[Site "Martorell"]
[Date "2015.09.19"]
[Round "1"]
[White "Porta Tovar, Guillem"]
[Black "Martin Dinares, Sonia"]
[Result "1-0"]
[WhiteElo "2247"]
[BlackElo "2088"]
[PlyCount "107"]
[EventDate "2015.09.19"]
[EventType "swiss"]
[EventRounds "8"]
[EventCountry "ESP"]
[SourceTitle "EXT 2017"]
[Source "ChessBase"]
[SourceDate "2016.10.25"]
[SourceVersion "1"]
[SourceVersionDate "2016.10.25"]
[SourceQuality "1"]

1. e4 e5 2. Nf3 Nc6 3. Bc4 Bc5 4. d3 Nf6 5. c3 0-0 6. Nbd2 d6 7. Bb3 Ne7 8. 0-0 Ng6 9. Nc4 b5 10. Ne3 c6 11. a4 Ng4 12. axb5 Bxe3 13. fxe3 cxb5 14. Bd5 Rb8 15. h3 Nf6 16. Rxa7 Nxd5 17. exd5 Qb6 18. Ra3 Qc5 19. c4 bxc4 20. dxc4 Qxc4 21. Rc3 Qb5 22. Ng5 Ba6 23. Rf2 h6 24. Ne4 Rb6 25. Rc7 Qb4 26. Qf3 Rb7 27. Rc6 Rb6 28. Bd2 Qxb2 29. Nxd6 Rxc6 30. dxc6 Qb1+ 31. Kh2 Qb8 32. Qd5 Ne7 33. Qxe5 Nxc6 34. Qg3 Ne7 35. Bc3 Ng6 36. h4 h5 37. Rb2 Qd8 38. Rb4 Be2 39. Nxf7 Qd3 40. Rd4 Qxc3 41. Qxg6 Qc7+ 42. Nd6 Rf6 43. Qe8+ Kh7 44. Qe4+ Kh6 45. Qe5 Kh7 46. Rd2 Bg4 47. g3 Re6 48. Qf4 Qc3 49. Ne4 Qc1 50. Ng5+ Kg6 51. Rf2 Rf6 52. Qe4+ Bf5 53. Qe8+ Rf7 54. Qxf7+ 1-0

[Event "Catalunya-ch (Women) 73rd"]
[Site "Platja d'Aro"]
[Date "2015.04.05"]
[Round "4"]
[White "Hernando Rodrigo, Lourdes"]
[Black "Martin Dinares, Sonia"]
[Result "0-1"]
[WhiteElo "1879"]
[BlackElo "2077"]
[PlyCount "81"]
[EventDate "2015.04.03"]
[EventType "swiss"]
[EventRounds "5"]
[EventCountry "CAT"]
[SourceTitle "CBM 165 Extra"]
[Source "ChessBase"]
[SourceDate "2015.04.21"]
[SourceVersion "1"]
[SourceVersionDate "2015.04.21"]
[SourceQuality "1"]

1. d4 d5 2. Nf3 Nf6 3. e3 Bf5 4. c4 e6 5. Qb3 b6 6. Nc3 Be7 7. Bd2 0-0 8. Rc1 Nc6 9. cxd5 Na5 10. Qd1 exd5 11. Be2 Nb7 12. Ne5 c5 13. Nc6 Qe8 14. Nxe7+ Qxe7 15. 0-0 c4 16. Bf3 Rfd8 17. b3 Rac8 18. bxc4 dxc4 19. Qa4 Nd6 20. Nd5 Nxd5 21. Bxd5 b5 22. Qa3 Qd7 23. Ba5 Re8 24. Bf3 h6 25. Bb4 Ne4 26. Rfe1 Re6 27. Bc3 Rg6 28. Re2 Nxc3 29. Rxc3 Bg4 30. Bxg4 Qxg4 31. f3 Qxf3 32. Rf2 Qe4 33. Qxa7 Ra8 34. Qxf7+ Kh7 35. Rcc2 Qxe3 36. Qb7 Qxd4 37. Rcd2 Qa1+ 38. Rf1 Qc3 39. Rdf2 Rd6 40. Qxb5 Rd2 41. Qf5+ 0-1

[Event "Catalunya-ch (Women) 71st"]
[Site "Tarragona"]
[Date "2013.03.31"]
[Round "4"]
[White "Martin Dinares, Sonia"]
[Black "Montoliu Daroca, Imma"]
[Result "1/2-1/2"]
[WhiteElo "1640"]
[BlackElo "1799"]
[PlyCount "82"]
[EventDate "2013.03.29"]
[EventType "swiss"]
[EventRounds "5"]
[EventCountry "ESP"]
[SourceTitle "EXT 2015"]
[Source "ChessBase"]
[SourceDate "2014.11.20"]
[SourceVersion "1"]
[SourceVersionDate "2014.11.20"]
[SourceQuality "1"]

1. c4 e5 2. Nc3 Nc6 3. g3 f5 4. e3 Nf6 5. Bg2 g6 6. Nge2 Bg7 7. 0-0 0-0 8. d4 e4 9. f3 exf3 10. Bxf3 Ne7 11. Rb1 a5 12. a3 c6 13. b4 axb4 14. axb4 d5 15. c5 Ne4 16. Na4 Be6 17. Qb3 Bf7 18. Rb2 h5 19. Ra2 Nc8 20. Nf4 h4 21. g4 fxg4 22. Bxg4 Ne7 23. Nb6 Rxa2 24. Qxa2 Nf5 25. Qe2 Qg5 26. Nh3 Qe7 27. Bxf5 gxf5 28. Rxf5 Be6 29. Rxf8+ Qxf8 30. Nf4 Bf5 31. b5 Nc3 32. Qf1 Nxb5 33. Nfxd5 Nxd4 34. exd4 Bxd4+ 35. Be3 Bxe3+ 36. Nxe3 Qxc5 37. Qxf5 Qxe3+ 38. Qf2 Qc1+ 39. Qf1 Qc5+ 40. Qf2 Qc1+ 41. Qf1 Qc5+ 1/2-1/2

[Event "Catalunya-ch (Women) 71st"]
[Site "Tarragona"]
[Date "2013.03.30"]
[Round "3"]
[White "Martin Dinares, Sonia"]
[Black "Cabanillas Roca, Fanny"]
[Result "0-1"]
[WhiteElo "1640"]
[BlackElo "1798"]
[PlyCount "102"]
[EventDate "2013.03.29"]
[EventType "swiss"]
[EventRounds "5"]
[EventCountry "ESP"]
[SourceTitle "EXT 2015"]
[Source "ChessBase"]
[SourceDate "2014.11.20"]
[SourceVersion "1"]
[SourceVersionDate "2014.11.20"]
[SourceQuality "1"]

1. c4 e5 2. Nc3 Nf6 3. g3 c6 4. e4 Bc5 5. Bg2 d6 6. Nge2 Bg4 7. d3 Nbd7 8. Qc2 Nb6 9. Bg5 h6 10. Be3 Qd7 11. Bxc5 dxc5 12. h3 Be6 13. f4 exf4 14. Nxf4 0-0-0 15. 0-0-0 Rhe8 16. Rhf1 Qc7 17. Nxe6 Rxe6 18. Qf2 Qe5 19. Kc2 Red6 20. Qf5+ Nbd7 21. Ne2 Kc7 22. Qf2 Nh7 23. Qe3 Rf6 24. Rxf6 Ndxf6 25. d4 cxd4 26. Rxd4 Rxd4 27. Qxd4 Qxd4 28. Nxd4 g6 29. c5 Nh5 30. Ne2 Kd7 31. g4 Ng7 32. Nd4 Ne6 33. Nxe6 Kxe6 34. Kd3 Ke5 35. Ke3 Ng5 36. b4 Ne6 37. a4 f6 38. Bf1 Nd4 39. Kd3 Nf3 40. Ke3 Ng5 41. Bg2 Ne6 42. Bf1 a5 43. b5 Nxc5 44. h4 Nxa4 45. bxc6 bxc6 46. g5 fxg5 47. hxg5 hxg5 48. Bd3 Nc5 49. Bb1 a4 50. Kf3 a3 51. Ke3 Nxe4 0-1

[Event "Catalunya-ch (Women) 71st"]
[Site "Tarragona"]
[Date "2013.03.29"]
[Round "1"]
[White "Martin Dinares, Sonia"]
[Black "Riera Morilla, Elizabeth"]
[Result "1/2-1/2"]
[WhiteElo "1640"]
[BlackElo "1976"]
[PlyCount "101"]
[EventDate "2013.03.29"]
[EventType "swiss"]
[EventRounds "5"]
[EventCountry "ESP"]
[SourceTitle "EXT 2015"]
[Source "ChessBase"]
[SourceDate "2014.11.20"]
[SourceVersion "1"]
[SourceVersionDate "2014.11.20"]
[SourceQuality "1"]

1. c4 e5 2. Nc3 Nc6 3. g3 g6 4. Bg2 Bg7 5. e3 f5 6. Nge2 Nf6 7. f4 e4 8. d3 exd3 9. Qxd3 0-0 10. 0-0 d6 11. a3 a5 12. Bd2 Nd7 13. Na4 Re8 14. Bd5+ Kh8 15. Bc3 Nf6 16. Nd4 Nxd5 17. Nxc6 bxc6 18. Bxg7+ Kxg7 19. cxd5 c5 20. Rfe1 Qf6 21. Nc3 Ba6 22. Qd2 Bb7 23. Rab1 Qf7 24. b4 cxb4 25. axb4 a4 26. Nb5 Re7 27. Rbc1 Bxd5 28. Nxc7 Rxc7 29. Rxc7 Qxc7 30. Qxd5 Qc3 31. Kf2 Rb8 32. Qxd6 Qxb4 33. Qxb4 Rxb4 34. Ra1 Kf7 35. Kf3 Ke6 36. g4 Kd5 37. gxf5 gxf5 38. Kg3 Ke4 39. Ra3 Rb3 40. Rxa4+ Kxe3 41. Kh4 h6 42. Rc4 Rd3 43. Kh5 Rd6 44. Ra4 Kf3 45. Rb4 Kg2 46. Rb5 Rf6 47. Rb2+ Kf3 48. Rb4 Re6 49. h4 Ke3 50. Rb5 Kxf4 51. Rxf5+ 1/2-1/2

[Event "Catalunya-ch (Women) 70th"]
[Site "Lleida"]
[Date "2012.12.??"]
[Round "6"]
[White "Martin Dinares, Sonia"]
[Black "Ros Alonso, Joana"]
[Result "1-0"]
[WhiteElo "1611"]
[BlackElo "1461"]
[PlyCount "57"]
[EventDate "2012.12.06"]
[EventType "swiss"]
[EventRounds "6"]
[EventCountry "ESP"]
[SourceTitle "EXT 2017"]
[Source "ChessBase"]
[SourceDate "2016.10.25"]
[SourceVersion "1"]
[SourceVersionDate "2016.10.25"]
[SourceQuality "1"]

1. c4 Nf6 2. Nc3 d5 3. cxd5 Nxd5 4. g3 g6 5. Bg2 c6 6. Qa4 Bd7 7. Nxd5 cxd5 8. Qd4 f6 9. Qxd5 Nc6 10. e3 Bg7 11. Ne2 Qc7 12. 0-0 0-0-0 13. Qc4 h5 14. d4 e6 15. Bd2 h4 16. Rac1 Kb8 17. b4 Qd6 18. b5 Ne7 19. Bb4 Qb6 20. Bxe7 Rc8 21. Qb4 Bxb5 22. Rxc8+ Rxc8 23. Qd6+ Qxd6 24. Bxd6+ Ka8 25. Rb1 Bc6 26. Rc1 Rd8 27. Bxc6 Rxd6 28. Be8 Rd8 29. Bxg6 1-0

[Event "Catalunya-ch (Women) 69th"]
[Site "Barcelona"]
[Date "2011.??.??"]
[Round "5"]
[White "Capellades Subirana, Laura"]
[Black "Martin Dinares, Sonia"]
[Result "1-0"]
[WhiteElo "1651"]
[BlackElo "1507"]
[PlyCount "59"]
[EventDate "2011.12.03"]
[EventType "swiss"]
[EventRounds "6"]
[EventCountry "ESP"]
[SourceTitle "CBM 145 Extra"]
[Source "ChessBase"]
[SourceDate "2012.01.03"]
[SourceVersion "1"]
[SourceVersionDate "2012.01.03"]
[SourceQuality "1"]

1. e4 e5 2. Nf3 Nc6 3. c3 Bc5 4. d4 exd4 5. cxd4 Bb4+ 6. Nc3 Nf6 7. d5 Ne7 8. Bd3 0-0 9. 0-0 Re8 10. Bg5 Ng6 11. Re1 Ne5 12. Nxe5 Rxe5 13. f4 Bc5+ 14. Kh1 Re8 15. e5 h6 16. Bxf6 gxf6 17. Qg4+ Kf8 18. exf6 Rxe1+ 19. Rxe1 Qxf6 20. Ne4 Qe7 21. Qh5 Kg7 22. f5 f6 23. Qg6+ Kf8 24. Qxh6+ Qg7 25. Qxg7+ Kxg7 26. Nxc5 Kf7 27. Be2 d6 28. Bh5+ Kg7 29. Ne6+ Bxe6 30. fxe6 1-0